[Event "Avoine op 27th"]
[Site "Avoine"]
[Date "2012.07.25"]
[Round "5"]
[White "Ollier, Milan"]
[Black "Hartmann, Dominique"]
[Result "0-1"]
[WhiteElo "2157"]
[BlackElo "1910"]
[PlyCount "58"]
[EventDate "2012.07.21"]
[EventType "swiss"]
[EventRounds "9"]
[EventCountry "FRA"]
[SourceTitle "CBM 149 Extra"]
[Source "ChessBase"]
[SourceDate "2012.08.24"]
[SourceVersion "1"]
[SourceVersionDate "2012.08.24"]
[SourceQuality "1"]

1. e4 c5 2. Nf3 d6 3. Bb5+ Bd7 4. Bxd7+ Nxd7 5. 0-0 e5 6. c3 g6 7. d4 Bg7 8. Na3 Ngf6 9. dxe5 dxe5 10. Qc2 0-0 11. Nc4 Qc7 12. a4 Ne8 13. Ne3 Ndf6 14. Rd1 Nd6 15. Nd5 Nxd5 16. Rxd5 Nc4 17. b4 b6 18. bxc5 bxc5 19. Ba3 Nxa3 20. Rxa3 c4 21. Ra1 Rad8 22. Rad1 Rxd5 23. Rxd5 h6 24. Qd1 Rb8 25. h4 Rb2 26. Rd8+ Kh7 27. h5 Qb6 28. hxg6+ fxg6 29. Rd2 Rb1 0-1

[Event "Metz op-B 29th"]
[Site "Metz"]
[Date "2011.05.08"]
[Round "9"]
[White "Paturaux, Laurent"]
[Black "Hartmann, Dominique"]
[Result "1/2-1/2"]
[WhiteElo "1799"]
[BlackElo "1983"]
[PlyCount "125"]
[EventDate "2011.05.02"]
[EventType "swiss"]
[EventRounds "9"]
[EventCountry "FRA"]
[SourceTitle "EXT 2013"]
[Source "ChessBase"]
[SourceDate "2012.11.22"]
[SourceVersion "1"]
[SourceVersionDate "2012.11.22"]
[SourceQuality "1"]

1. d4 Nf6 2. Nf3 c5 3. c4 cxd4 4. Nxd4 e5 5. Nb5 d5 6. cxd5 Bc5 7. e3 0-0 8. Be2 e4 9. N5c3 Bf5 10. Qa4 Qe7 11. b4 Bxb4 12. Ba3 Bxa3 13. Nxa3 Nbd7 14. Nab5 Rfd8 15. Qd4 Qc5 16. Rd1 Rac8 17. Qxc5 Rxc5 18. Nd6 Bg6 19. Nxb7 Rdc8 20. Nxc5 Rxc5 21. Nb5 a6 22. Nd4 Ra5 23. 0-0 Rxa2 24. Ra1 Rxa1 25. Rxa1 Nxd5 26. Rxa6 h6 27. Rd6 N7f6 28. Bc4 Ne7 29. Nc6 Nxc6 30. Rxc6 Kf8 31. Rc8+ Ne8 32. Bb5 f6 33. Bc6 Ke7 34. Bxe8 Bxe8 35. h4 g5 36. hxg5 hxg5 37. Rc4 Bg6 38. Rd4 Ke6 39. g3 Ke5 40. Kf1 Bh5 41. Ra4 Bf3 42. Ra5+ Ke6 43. Ke1 Kf7 44. Kd2 Kg6 45. Ra6 Kf5 46. Rb6 Ke5 47. Kc3 Be2 48. Rb2 Bf1 49. Ra2 Kf5 50. Ra5+ Kg4 51. Kd4 Bg2 52. Ra6 f5 53. Rf6 Bh3 54. Rh6 Bg2 55. Ke5 Kf3 56. Rf6 Kxf2 57. Rxf5+ Kxe3 58. Rxg5 Kd2 59. Rh5 Bf3 60. Rh2+ Ke3 61. Kd5 Kd3 62. Rf2 Bd1 63. Rd2+ 1/2-1/2

[Event "FRA-chT1 1011"]
[Site "France"]
[Date "2010.11.14"]
[Round "3.7"]
[White "Hartmann, Dominique"]
[Black "Degand, Alain"]
[Result "1/2-1/2"]
[WhiteElo "2014"]
[BlackElo "1916"]
[PlyCount "106"]
[EventDate "2010.10.17"]
[EventType "team-tourn"]
[EventRounds "11"]
[EventCountry "FRA"]
[SourceTitle "EXT 2012"]
[Source "ChessBase"]
[SourceDate "2011.11.24"]
[SourceVersion "1"]
[SourceVersionDate "2011.11.24"]
[SourceQuality "1"]

1. c4 e5 2. Nc3 f5 3. d4 d6 4. Nf3 e4 5. Ng5 h6 6. Nh3 Nf6 7. Nf4 Kf7 8. h4 g6 9. h5 g5 10. Ng6 Rg8 11. Nxf8 Rxf8 12. e3 Kg7 13. b3 Be6 14. Be2 d5 15. cxd5 Nxd5 16. Nxd5 Bxd5 17. Bc4 c6 18. Qe2 Qd6 19. a4 Qe6 20. Ba3 Rf7 21. Rc1 Nd7 22. Bxd5 Qxd5 23. Qc4 Nb6 24. Qb4 Qd7 25. Qd6 Qxd6 26. Bxd6 Nd5 27. b4 Rd8 28. Be5+ Kg8 29. b5 cxb5 30. axb5 Nb4 31. 0-0 Nd3 32. Ra1 b6 33. Bh2 Rd5 34. Bb8 Rb7 35. Bxa7 Rdd7 36. Bxb6 Rxb6 37. Ra6 Rdb7 38. Rfa1 Nb4 39. Rxb6 Rxb6 40. Ra5 Nd5 41. Ra6 Rxb5 42. Rxh6 Rb6 43. Rxb6 Nxb6 44. f3 Kg7 45. Kf2 g4 46. fxg4 Kh6 47. gxf5 Kxh5 48. Kg3 Kg5 49. f6 Nd7 50. f7 Nf8 51. Kh3 Nd7 52. g4 Nf8 53. Kg3 Nd7 1/2-1/2

[Event "FRA-chT2 0910"]
[Site "France"]
[Date "2010.01.24"]
[Round "7.5"]
[White "Hartmann, Dominique"]
[Black "Etienne, Eric"]
[Result "0-1"]
[WhiteElo "2013"]
[BlackElo "2068"]
[PlyCount "68"]
[EventDate "2009.09.27"]
[EventType "team-tourn"]
[EventRounds "11"]
[EventCountry "FRA"]
[SourceTitle "EXT 2011"]
[Source "ChessBase"]
[SourceDate "2010.11.26"]
[SourceVersion "1"]
[SourceVersionDate "2010.11.26"]
[SourceQuality "1"]

1. Nf3 d5 2. c4 d4 3. g3 c5 4. Bg2 Nc6 5. 0-0 e5 6. d3 Nf6 7. Na3 Be7 8. Nc2 0-0 9. a3 Qc7 10. e3 Bg4 11. h3 Bf5 12. exd4 exd4 13. b4 cxb4 14. axb4 Nxb4 15. Nxb4 Bxb4 16. Nxd4 Bg6 17. Qb3 Bc5 18. Nb5 Qxg3 19. Ba3 Qg5 20. Bxc5 Qxc5 21. Bxb7 Qg5+ 22. Bg2 Nh5 23. d4 Nf4 24. Qf3 Bh5 25. Qe4 Rae8 26. Qb7 Re7 27. Qc6 Re6 28. Qb7 Rg6 29. Kh1 Qh4 30. Ra3 Nxg2 31. Qxg2 Rxg2 32. Kxg2 a6 33. Rxa6 Be2 34. Re1 Bxc4 0-1

[Event "FRA-chT2 0910"]
[Site "France"]
[Date "2009.12.12"]
[Round "5.6"]
[White "Hartmann, Dominique"]
[Black "Faby, Fabrice"]
[Result "1/2-1/2"]
[WhiteElo "1996"]
[BlackElo "2136"]
[PlyCount "55"]
[EventDate "2009.09.27"]
[EventType "team-tourn"]
[EventRounds "11"]
[EventCountry "FRA"]
[SourceTitle "EXT 2011"]
[Source "ChessBase"]
[SourceDate "2010.11.26"]
[SourceVersion "1"]
[SourceVersionDate "2010.11.26"]
[SourceQuality "1"]

1. Nf3 d5 2. c4 c6 3. g3 g6 4. Bg2 Bg7 5. d4 Nf6 6. b3 Bf5 7. Nc3 Ne4 8. Bb2 Nxc3 9. Bxc3 Be4 10. 0-0 0-0 11. e3 Nd7 12. Bh3 h6 13. Ne1 g5 14. f3 Bg6 15. Nd3 dxc4 16. bxc4 Nb6 17. Ba5 e5 18. Nxe5 Bxe5 19. dxe5 Qxd1 20. Rfxd1 Nxc4 21. Bc3 Nxe3 22. Rd7 Nd5 23. Bb2 Rab8 24. Re1 Nb6 25. Rc7 Nd5 26. Rd7 Nb6 27. Rc7 Nd5 28. Rd7 1/2-1/2

[Event "FRA-chT2 East 0809"]
[Site "France"]
[Date "2009.01.18"]
[Round "6.6"]
[White "Hartmann, Dominique"]
[Black "Prost, Frederic"]
[Result "0-1"]
[WhiteElo "1985"]
[BlackElo "2105"]
[PlyCount "56"]
[EventDate "2008.10.19"]
[EventType "tourn"]
[EventRounds "11"]
[EventCountry "FRA"]
[SourceTitle "EXT 2010"]
[Source "ChessBase"]
[SourceDate "2010.11.25"]
[SourceVersion "1"]
[SourceVersionDate "2010.11.25"]
[SourceQuality "1"]
[WhiteTeam "Metz Fischer II"]
[BlackTeam "Grenoble"]
[WhiteTeamCountry "FRA"]
[BlackTeamCountry "FRA"]

1. d4 Nf6 2. Nf3 g6 3. Bf4 Bg7 4. e3 0-0 5. Be2 c5 6. c3 b6 7. a4 a6 8. h3 d6 9. Nbd2 Bb7 10. 0-0 Nbd7 11. Bh2 Qc7 12. Qc2 Rac8 13. Rfe1 Qb8 14. Bf1 Qa8 15. Qb3 Rc7 16. c4 Bxf3 17. Nxf3 Ne4 18. d5 f5 19. Bd3 Ndf6 20. Qc2 Qe8 21. Rab1 a5 22. g4 fxg4 23. hxg4 Qc8 24. g5 Qg4+ 25. Kf1 Qxf3 26. gxf6 Nxf6 27. Bg3 Nh5 28. Bh2 Qh1+ 0-1

[Event "FRA-chT2 East 0809"]
[Site "France"]
[Date "2008.11.22"]
[Round "2.6"]
[White "Hartmann, Dominique"]
[Black "Cao, Philippe"]
[Result "1/2-1/2"]
[WhiteElo "1985"]
[BlackElo "1970"]
[PlyCount "89"]
[EventDate "2008.10.19"]
[EventType "tourn"]
[EventRounds "11"]
[EventCountry "FRA"]
[SourceTitle "EXT 2010"]
[Source "ChessBase"]
[SourceDate "2010.11.25"]
[SourceVersion "1"]
[SourceVersionDate "2010.11.25"]
[SourceQuality "1"]
[WhiteTeam "Metz Fischer II"]
[BlackTeam "Besancon TPG II"]
[WhiteTeamCountry "FRA"]
[BlackTeamCountry "FRA"]

1. d4 d5 2. Bf4 Nf6 3. e3 Bf5 4. c4 c6 5. Qb3 Qb6 6. c5 Qxb3 7. axb3 Nbd7 8. Nc3 a6 9. b4 Rc8 10. h3 h6 11. g4 Bh7 12. Nf3 g5 13. Bh2 Bg7 14. Nd2 0-0 15. Nb3 Ra8 16. Be2 Rfe8 17. Na5 Ra7 18. 0-0 e5 19. Nb3 Raa8 20. Ra2 exd4 21. exd4 Ne4 22. f3 Nef6 23. Re1 Bc2 24. Na5 Ra7 25. Rc1 Bg6 26. Kf1 Nh7 27. Nb3 Raa8 28. Bg1 Nhf8 29. Na5 Ra7 30. b3 Ne6 31. Rd1 Nf4 32. Na4 Nd3 33. Bh2 Nf4 34. Bxf4 gxf4 35. Nb6 Nf8 36. Bd3 Bxd3+ 37. Rxd3 Ne6 38. Re2 Rd8 39. Red2 Kh7 40. Ke1 Kg6 41. Kf2 Bf6 42. Kf1 Bh4 43. Re2 Bf6 44. Red2 Bg7 45. Kf2 1/2-1/2

[Event "FRA-chT2 East 0809"]
[Site "France"]
[Date "2008.10.19"]
[Round "1.6"]
[White "Desboeufs, Alexandre"]
[Black "Hartmann, Dominique"]
[Result "1-0"]
[WhiteElo "2040"]
[BlackElo "1985"]
[PlyCount "55"]
[EventDate "2008.10.19"]
[EventType "tourn"]
[EventRounds "11"]
[EventCountry "FRA"]
[SourceTitle "EXT 2010"]
[Source "ChessBase"]
[SourceDate "2010.11.25"]
[SourceVersion "1"]
[SourceVersionDate "2010.11.25"]
[SourceQuality "1"]
[WhiteTeam "Mulhouse IV"]
[BlackTeam "Metz Fischer II"]
[WhiteTeamCountry "FRA"]
[BlackTeamCountry "FRA"]

1. e4 c5 2. Nc3 a6 3. g3 b5 4. Bg2 Bb7 5. d3 e6 6. Nf3 d5 7. exd5 exd5 8. 0-0 Nf6 9. Re1+ Be7 10. Bg5 0-0 11. Qd2 b4 12. Nd1 Nc6 13. Ne3 Qd7 14. c3 a5 15. Nh4 Ne4 16. dxe4 Bxg5 17. Qxd5 Qxd5 18. exd5 Ne5 19. f4 Bxh4 20. fxe5 Bg5 21. d6 Bxg2 22. Kxg2 bxc3 23. bxc3 Rab8 24. Ng4 a4 25. h4 Bh6 26. Rab1 g6 27. Kf3 Bg7 28. Ke4 1-0

[Event "FRA-chT2 East 0708"]
[Site "France"]
[Date "2008.04.06"]
[Round "11.6"]
[White "Hartmann, Dominique"]
[Black "Briet, Antoine"]
[Result "0-1"]
[WhiteElo "1974"]
[BlackElo "2156"]
[PlyCount "64"]
[EventDate "2007.10.21"]
[EventType "team-tourn"]
[EventRounds "11"]
[EventCountry "FRA"]
[SourceTitle "EXT 2009"]
[Source "ChessBase"]
[SourceDate "2008.11.26"]
[SourceVersion "1"]
[SourceVersionDate "2008.11.26"]
[SourceQuality "1"]
[WhiteTeam "Metz Fischer II"]
[BlackTeam "Mundolsheim"]
[WhiteTeamCountry "FRA"]
[BlackTeamCountry "FRA"]

1. d4 Nf6 2. Nf3 g6 3. Nc3 d5 4. Bf4 Bg7 5. e3 0-0 6. Be2 c5 7. Ne5 Nc6 8. h4 Nd7 9. Nxd5 cxd4 10. Nxc6 bxc6 11. Bc7 Qe8 12. Nb4 dxe3 13. fxe3 Bb7 14. Nd3 c5 15. Bf3 Qc8 16. Bg3 c4 17. Nf4 Bxb2 18. Rb1 Bc3+ 19. Kf2 Nb6 20. Qc1 Rd8 21. Rd1 Bxf3 22. gxf3 Qc5 23. Ne2 Bf6 24. c3 Nd5 25. Nd4 a6 26. Rb7 Qc8 27. Rb1 Qc5 28. Rb7 Rac8 29. Re1 Nxc3 30. Qxc3 Rxd4 31. Rxe7 Rd6 32. Bxd6 Qxd6 0-1

[Event "FRA-chT2 East 0708"]
[Site "France"]
[Date "2008.02.10"]
[Round "7.6"]
[White "Hartmann, Dominique"]
[Black "Castanier, Carl"]
[Result "1-0"]
[WhiteElo "1966"]
[BlackElo "1978"]
[PlyCount "87"]
[EventDate "2007.10.21"]
[EventType "team-tourn"]
[EventRounds "11"]
[EventCountry "FRA"]
[SourceTitle "EXT 2009"]
[Source "ChessBase"]
[SourceDate "2008.11.26"]
[SourceVersion "1"]
[SourceVersionDate "2008.11.26"]
[SourceQuality "1"]
[WhiteTeam "Metz Fischer II"]
[BlackTeam "Reims"]
[WhiteTeamCountry "FRA"]
[BlackTeamCountry "FRA"]

1. c4 e5 2. Nc3 Nc6 3. Nf3 g6 4. g3 Bg7 5. Bg2 Nge7 6. 0-0 0-0 7. d3 d5 8. cxd5 Nxd5 9. Bd2 Nde7 10. Rc1 Nf5 11. Bg5 f6 12. Bd2 h5 13. h4 Ncd4 14. Nxd4 Nxd4 15. e3 Nf5 16. Qb3+ Kh7 17. Ne4 c6 18. Rfd1 Qb6 19. Qa3 Re8 20. Bb4 Qc7 21. Nd6 Nxd6 22. Bxd6 Qf7 23. d4 Bg4 24. Rd2 Rac8 25. dxe5 fxe5 26. Bb4 e4 27. Bc3 Bf8 28. Qxa7 Rcd8 29. Rxd8 Rxd8 30. Bxe4 Qc4 31. Qxb7+ Rd7 32. Qxc6 Qg8 33. Bd4 Bd6 34. Qc8 Rd8 35. Qb7+ Rd7 36. Qa8 Rd8 37. Qb7+ Rd7 38. Rc8 Rxb7 39. Rxg8 Kxg8 40. Bxb7 Kf7 41. a4 Bc7 42. b4 Ke7 43. a5 Kd7 44. a6 1-0

[Event "FRA-chT2 East 0708"]
[Site "France"]
[Date "2007.10.21"]
[Round "1.6"]
[White "Hartmann, Dominique"]
[Black "Berring, Alain"]
[Result "1-0"]
[WhiteElo "1952"]
[BlackElo "2037"]
[PlyCount "53"]
[EventDate "2007.10.21"]
[EventType "team-tourn"]
[EventRounds "11"]
[EventCountry "FRA"]
[SourceTitle "EXT 2009"]
[Source "ChessBase"]
[SourceDate "2008.11.26"]
[SourceVersion "1"]
[SourceVersionDate "2008.11.26"]
[SourceQuality "1"]
[WhiteTeam "Metz Fischer II"]
[BlackTeam "Saverne"]
[WhiteTeamCountry "FRA"]
[BlackTeamCountry "FRA"]

1. d4 Nf6 2. Bf4 g6 3. e3 Bg7 4. Nf3 b6 5. c4 Bb7 6. Nc3 0-0 7. h3 d6 8. Be2 Nbd7 9. 0-0 Ne4 10. Qc2 Nxc3 11. bxc3 e5 12. Bh2 e4 13. Nd2 Qe7 14. a4 a5 15. Rab1 f5 16. c5 Rac8 17. cxd6 cxd6 18. Nc4 Rxc4 19. Bxc4+ Kh8 20. Qb3 Rb8 21. Rfc1 h6 22. Bf7 Nf8 23. Qxb6 Qxf7 24. Bxd6 Nd7 25. Qa7 Ra8 26. Qxb7 Re8 27. Qc7 1-0

[Event "FRA-chT2 East 0607"]
[Site "France"]
[Date "2007.02.11"]
[Round "7.6"]
[White "Hartmann, Dominique"]
[Black "Engelmann, Herve"]
[Result "0-1"]
[WhiteElo "1981"]
[BlackElo "2082"]
[PlyCount "104"]
[EventDate "2006.10.15"]
[EventType "team-tourn"]
[EventRounds "11"]
[EventCountry "FRA"]
[SourceTitle "EXT 2008"]
[Source "ChessBase"]
[SourceDate "2007.11.25"]
[SourceVersion "1"]
[SourceVersionDate "2007.11.25"]
[SourceQuality "1"]
[WhiteTeam "Metz Fischer II"]
[BlackTeam "Gambsheim"]
[WhiteTeamCountry "FRA"]
[BlackTeamCountry "FRA"]

1. d4 d5 2. Bf4 Nf6 3. e3 c5 4. c3 Nc6 5. Nd2 Bf5 6. Ngf3 e6 7. Ne5 Be7 8. Be2 h6 9. g4 Bh7 10. h4 Ne4 11. Ndf3 f6 12. Nxc6 bxc6 13. Nd2 e5 14. dxe5 fxe5 15. Bxe5 Bxh4 16. Nxe4 Bxe4 17. Rh2 0-0 18. Bd3 Bxf2+ 19. Rxf2 Qh4 20. Bf4 Bxd3 21. Qxd3 Rxf4 22. exf4 Re8+ 23. Qe2 Rxe2+ 24. Kxe2 Qxg4+ 25. Kd2 h5 26. Re1 Kf7 27. Re5 Qg3 28. Ke2 Qg4+ 29. Kf1 Qh3+ 30. Ke1 g6 31. f5 gxf5 32. Rexf5+ Ke7 33. Rf7+ Kd6 34. Rxa7 d4 35. cxd4 cxd4 36. Ra3 Qg4 37. Raf3 c5 38. a4 Qe4+ 39. Kd1 Qb1+ 40. Ke2 Qxb2+ 41. Kd3 Qb1+ 42. Kc4 Qc1+ 43. Kd3 Qd1+ 44. Kc4 Qxa4+ 45. Kd3 Qb3+ 46. Kd2 Qb5 47. Rf5 h4 48. R2f3 h3 49. Rh5 Qb2+ 50. Kd3 Qc3+ 51. Ke4 Qc2+ 52. Kf4 d3 0-1

[Event "FRA-chT2 East 0607"]
[Site "France"]
[Date "2007.01.21"]
[Round "6.7"]
[White "Hartmann, Dominique"]
[Black "Tachikart, Yassin"]
[Result "1-0"]
[WhiteElo "1981"]
[BlackElo "2084"]
[PlyCount "71"]
[EventDate "2006.10.15"]
[EventType "team-tourn"]
[EventRounds "11"]
[EventCountry "FRA"]
[SourceTitle "EXT 2008"]
[Source "ChessBase"]
[SourceDate "2007.11.25"]
[SourceVersion "1"]
[SourceVersionDate "2007.11.25"]
[SourceQuality "1"]
[WhiteTeam "Metz Fischer II"]
[BlackTeam "Belfort"]
[WhiteTeamCountry "FRA"]
[BlackTeamCountry "FRA"]

1. d4 d5 2. Bf4 c6 3. e3 Qb6 4. Qc1 Nf6 5. Nd2 Bf5 6. Ngf3 Nbd7 7. Be2 e6 8. h3 h6 9. 0-0 Be7 10. c4 0-0 11. c5 Qd8 12. b4 Ne4 13. Nxe4 Bxe4 14. a4 Re8 15. Nd2 Bg6 16. Nb3 Bf6 17. Re1 e5 18. Bg3 b6 19. b5 Rc8 20. Qa3 exd4 21. bxc6 Nxc5 22. c7 Qe7 23. exd4 Nxb3 24. Qxb3 Bxd4 25. Rad1 Qc5 26. Ba6 Bc2 27. Bxc8 Rxe1+ 28. Rxe1 Bxb3 29. Re8+ Kh7 30. Bf5+ g6 31. c8Q gxf5 32. Qxf5+ Kg7 33. Be5+ Bxe5 34. Qxe5+ f6 35. Re7+ Kg6 36. Qg3+ 1-0

[Event "FRA-chT2 East 0607"]
[Site "France"]
[Date "2007.01.20"]
[Round "5.7"]
[White "Maechel, Herve"]
[Black "Hartmann, Dominique"]
[Result "1/2-1/2"]
[WhiteElo "1960"]
[BlackElo "1981"]
[PlyCount "117"]
[EventDate "2006.10.15"]
[EventType "team-tourn"]
[EventRounds "11"]
[EventCountry "FRA"]
[SourceTitle "EXT 2008"]
[Source "ChessBase"]
[SourceDate "2007.11.25"]
[SourceVersion "1"]
[SourceVersionDate "2007.11.25"]
[SourceQuality "1"]
[WhiteTeam "Selestat"]
[BlackTeam "Metz Fischer II"]
[WhiteTeamCountry "FRA"]
[BlackTeamCountry "FRA"]

1. e4 c5 2. Nf3 d6 3. d4 cxd4 4. Nxd4 Nf6 5. Nc3 a6 6. Be2 e6 7. Bg5 Be7 8. Nf3 Nbd7 9. Bxf6 Nxf6 10. e5 dxe5 11. Qxd8+ Bxd8 12. Nxe5 Bc7 13. Ng4 Nxg4 14. Bxg4 b5 15. Bf3 Rb8 16. 0-0-0 Bb7 17. Bxb7 Rxb7 18. Ne4 0-0 19. Rd3 Rd8 20. Rxd8+ Bxd8 21. Rd1 Be7 22. c3 Rc7 23. Kc2 g6 24. Rd4 f5 25. Nd2 e5 26. Rd5 e4 27. a4 b4 28. Nb3 bxc3 29. Ra5 cxb2+ 30. Kxb2 Bf6+ 31. Kb1 Rb7 32. Kc2 Rb6 33. Rc5 Kg7 34. a5 Rd6 35. h3 h5 36. Rc7+ Kh6 37. Rb7 Bd8 38. Ra7 f4 39. Rf7 g5 40. Rf5 Kg6 41. Re5 Rc6+ 42. Kd2 Rc4 43. Re6+ Kf5 44. Rxa6 e3+ 45. fxe3 fxe3+ 46. Kd3 Ra4 47. Rd6 Ra3 48. Rxd8 Rxb3+ 49. Kd4 Kf4 50. Rf8+ Kg3 51. Rf3+ Kxg2 52. Rxe3 Rb1 53. Ra3 g4 54. a6 Rb8 55. a7 Ra8 56. hxg4 hxg4 57. Kc5 g3 58. Kb6 Kh2 59. Rxg3 1/2-1/2

[Event "Metz op 24th"]
[Site "Metz"]
[Date "2006.04.30"]
[Round "9"]
[White "Hartmann, Dominique"]
[Black "Jouhaneau, Jacques"]
[Result "1-0"]
[WhiteElo "1976"]
[BlackElo "1919"]
[PlyCount "97"]
[EventDate "2006.04.22"]
[EventType "swiss"]
[EventRounds "9"]
[EventCountry "FRA"]
[SourceTitle "EXT 2007"]
[Source "ChessBase"]
[SourceDate "2006.11.23"]
[SourceVersion "1"]
[SourceVersionDate "2006.11.23"]
[SourceQuality "1"]

1. d4 Nf6 2. Bf4 c5 3. e3 e6 4. c3 d5 5. Nd2 Nc6 6. Ngf3 Nh5 7. Bg3 Nxg3 8. hxg3 Bd7 9. Bd3 g6 10. Nh4 Qf6 11. f4 c4 12. Bc2 Rc8 13. e4 g5 14. Nhf3 gxf4 15. Qe2 Kd8 16. gxf4 Qxf4 17. 0-0-0 h5 18. Rh4 Qg3 19. Rdh1 Rg8 20. R1h2 Be8 21. Rxh5 f6 22. R5h3 Qg4 23. Rh4 Qg7 24. exd5 exd5 25. Bf5 Rc7 26. Rh7 Qg3 27. Qe6 Qd6 28. Qxg8 Rxh7 29. Rxh7 Ne7 30. Qxf8 Nxf5 31. Qxd6+ Nxd6 32. Nh4 a5 33. g4 b5 34. a3 Bd7 35. Rg7 Kc7 36. Ng2 Kc6 37. Ne3 b4 38. axb4 axb4 39. Nxd5 bxc3 40. Nxc3 Be6 41. Nf1 f5 42. g5 f4 43. Nh2 Nf5 44. Ra7 Nxd4 45. g6 f3 46. g7 Kd6 47. Ra6+ Nc6 48. Nxf3 Bg8 49. Nd4 1-0

[Event "Metz op 24th"]
[Site "Metz"]
[Date "2006.04.29"]
[Round "8"]
[White "Billot, Daniel"]
[Black "Hartmann, Dominique"]
[Result "1/2-1/2"]
[WhiteElo "1900"]
[BlackElo "1976"]
[PlyCount "101"]
[EventDate "2006.04.22"]
[EventType "swiss"]
[EventRounds "9"]
[EventCountry "FRA"]
[SourceTitle "EXT 2007"]
[Source "ChessBase"]
[SourceDate "2006.11.23"]
[SourceVersion "1"]
[SourceVersionDate "2006.11.23"]
[SourceQuality "1"]

1. e4 c5 2. d4 cxd4 3. c3 d3 4. Bxd3 d6 5. c4 e6 6. Nf3 Nf6 7. 0-0 Be7 8. Qe2 Qc7 9. Nc3 a6 10. Rd1 Nbd7 11. h3 b6 12. Bg5 Bb7 13. Rac1 0-0 14. b3 Rad8 15. Nh2 Nc5 16. Bb1 Rfe8 17. Ng4 Nxg4 18. Qxg4 Bxg5 19. Qxg5 h6 20. Qg4 Nd7 21. Qe2 Nf6 22. Rd4 d5 23. e5 Nd7 24. Re1 dxc4 25. Rxc4 Qb8 26. Rg4 Nf8 27. Qe3 Ng6 28. Qg3 Qc7 29. Rxg6 fxg6 30. Qxg6 Qxc3 31. Qh7+ Kf8 32. Re3 Qa1 33. Kh2 Rd7 34. Bg6 Rf7 35. Bh5 Ke7 36. Qd3 Rd8 37. Qg6 Rdf8 38. Qd3 Bd5 39. Qxa6 Qc1 40. Qa7+ Ke8 41. Qxb6 Qc6 42. Qa5 Qa8 43. Qb5+ Kd8 44. Qb6+ Ke8 45. Rc3 Qb7 46. Qa5 Kd7 47. Qa4+ Bc6 48. Qa3 Kc7 49. Qd6+ Kb6 50. Qc5+ Kc7 51. Qd6+ 1/2-1/2

[Event "Metz op 24th"]
[Site "Metz"]
[Date "2006.04.23"]
[Round "2"]
[White "Becker, Martin Alexander"]
[Black "Hartmann, Dominique"]
[Result "1-0"]
[WhiteElo "2347"]
[BlackElo "1976"]
[PlyCount "95"]
[EventDate "2006.04.22"]
[EventType "swiss"]
[EventRounds "9"]
[EventCountry "FRA"]
[SourceTitle "EXT 2007"]
[Source "ChessBase"]
[SourceDate "2006.11.23"]
[SourceVersion "1"]
[SourceVersionDate "2006.11.23"]
[SourceQuality "1"]

1. e4 c5 2. Nf3 d6 3. d4 cxd4 4. Nxd4 Nf6 5. Nc3 a6 6. Be3 e6 7. f3 b5 8. g4 h6 9. Qd2 Bb7 10. 0-0-0 Nc6 11. h4 Ne5 12. Rg1 Nfd7 13. g5 hxg5 14. hxg5 g6 15. f4 Nc4 16. Bxc4 bxc4 17. Qe2 Qc7 18. Rh1 Rxh1 19. Rxh1 0-0-0 20. Rh7 e5 21. Nf3 exf4 22. Bxf4 Ne5 23. Kb1 Kb8 24. Nd5 Bxd5 25. exd5 Re8 26. a3 Ka8 27. Qe4 Qb7 28. Nxe5 dxe5 29. Bxe5 Bxa3 30. Qxc4 Rc8 31. Rh8 Rxh8 32. Bxh8 Be7 33. Bf6 Bd6 34. Qe4 Qd7 35. c4 Kb7 36. Bd4 Qa4 37. Qc2 Qb4 38. Qc3 Qa4 39. b3 Qd7 40. Ka2 Qg4 41. c5 Bf8 42. Qb4+ Kc8 43. Qc4 Qg2+ 44. Ka3 Qxg5 45. Qxa6+ Kb8 46. Qb6+ Ka8 47. Qc6+ Ka7 48. Qc7+ 1-0

[Event "FRA-chT2D 0506"]
[Site "France"]
[Date "2006.01.15"]
[Round "6.8"]
[White "Maisuradze, Nino"]
[Black "Hartmann, Dominique"]
[Result "1-0"]
[WhiteElo "2213"]
[BlackElo "1992"]
[PlyCount "75"]
[EventDate "2005.10.27"]
[EventType "team-tourn"]
[EventRounds "11"]
[EventCountry "FRA"]
[SourceTitle "EXT 2006"]
[Source "ChessBase"]
[SourceDate "2005.11.24"]
[SourceVersion "1"]
[SourceVersionDate "2005.11.24"]
[SourceQuality "1"]
[WhiteTeam "Evry II"]
[BlackTeam "Metz Fischer"]
[WhiteTeamCountry "FRA"]
[BlackTeamCountry "FRA"]

1. d4 Nf6 2. c4 c5 3. d5 b5 4. cxb5 a6 5. bxa6 g6 6. d6 e6 7. Bg5 h6 8. Bf4 Bxa6 9. Nc3 Qa5 10. Qd2 Nc6 11. Nf3 Bg7 12. e4 Bxf1 13. Kxf1 Rb8 14. Re1 Nb4 15. Kg1 Qa6 16. Ne5 Nh5 17. a3 Nc6 18. Nxc6 Qxc6 19. Bg3 0-0 20. e5 f6 21. f3 Rb3 22. Qc2 c4 23. Qxg6 Nxg3 24. hxg3 Qc5+ 25. Kf1 Rxb2 26. Ne4 Qd5 27. Rh5 Qd4 28. Rxh6 Qd3+ 29. Kg1 Qc2 30. Qh7+ Kf7 31. Qg6+ Kg8 32. Qh7+ Kf7 33. Rxf6+ Ke8 34. Qh5+ Kd8 35. Rxf8+ Bxf8 36. Qh3 c3 37. Kh2 Bg7 38. Rg1 1-0

[Event "FRA-chT2D 0506"]
[Site "France"]
[Date "2005.11.19"]
[Round "2.8"]
[White "Schmitt, Fabien"]
[Black "Hartmann, Dominique"]
[Result "1-0"]
[WhiteElo "2146"]
[BlackElo "1986"]
[PlyCount "123"]
[EventDate "2005.10.27"]
[EventType "team-tourn"]
[EventRounds "11"]
[EventCountry "FRA"]
[SourceTitle "EXT 2006"]
[Source "ChessBase"]
[SourceDate "2005.11.24"]
[SourceVersion "1"]
[SourceVersionDate "2005.11.24"]
[SourceQuality "1"]
[WhiteTeam "Mulhouse"]
[BlackTeam "Metz Fischer"]
[WhiteTeamCountry "FRA"]
[BlackTeamCountry "FRA"]

1. d4 Nf6 2. Nf3 c5 3. d5 d6 4. Nc3 a6 5. a4 g6 6. e4 Bg7 7. Nd2 0-0 8. Nc4 Nbd7 9. Be2 Rb8 10. a5 b5 11. axb6 Nxb6 12. Na5 Qc7 13. Nc6 Ra8 14. 0-0 e6 15. Na5 exd5 16. exd5 Re8 17. Bf3 Bd7 18. Bf4 Bb5 19. Re1 Rxe1+ 20. Qxe1 Re8 21. Qd2 Qd7 22. h3 Nc4 23. Nxc4 Bxc4 24. Re1 Rxe1+ 25. Qxe1 Qe8 26. Qxe8+ Nxe8 27. Nd1 Kf8 28. Ne3 Bb5 29. c3 Ke7 30. g4 a5 31. Bd1 Nc7 32. Bb3 a4 33. Bc4 a3 34. bxa3 Bxc3 35. Bxb5 Nxb5 36. Nc4 Be5 37. Bxe5 dxe5 38. a4 Nc3 39. d6+ Ke6 40. a5 Nb5 41. a6 f6 42. Kf1 Kd7 43. Ke2 Kc6 44. Kd3 Kd7 45. h4 h6 46. h5 gxh5 47. gxh5 Ke6 48. f4 exf4 49. Ke4 Na7 50. Kxf4 Nc6 51. Ke4 Na7 52. d7 Kxd7 53. Kd5 f5 54. Ne5+ Kc7 55. Kxc5 f4 56. Kd4 Kb6 57. Ke4 Nc8 58. Nf7 Kxa6 59. Kxf4 Kb6 60. Nxh6 Ne7 61. Nf5 Nd5+ 62. Ke5 1-0